01631nam a2200157 a 4500008004100000020001500041041000800056100001900064245003300083250001100116260004000127300002100167500007300188505120100261655001101462161215t2006 uy ||||g |||| 00| f spa d a9974793181 aspa1 aHain, Martín 3aLa Limpieza /cMartín Hain a1a ed. aBuenos Aires:bBajo La Luna;c2016. a136 p.b20x13 cm aHain, M. (2016). La limpieza. (1a ed.). Buenos Aires : Bajo La Luna. aPara los protagonistas de esta novela -un matrimonio longevo sin hijos- la organización de tiempo es una condición estructural del día a día. Hace rato que Beto, el marido, tiene problemas con la memoria, sin embargo, la programación de la vida en torno a los quehaceres domésticos y a los momentos de ocio activo -como ver por enésima vez viejas películas o leer y comentar las noticias del diario- le han permitido a Juli, su esposa, plantearle desafíos para mantener destellos de atención y actividad. Hasta que, una mañana, un extraño suceso viene a alterar la rutinaria cadencia de sus días trayendo del pasado un inesperado estimulo para la pareja. ¿Quién es el hombre a quien Beto decide socorrer y dar asilo, rompiendo la armonía que Juli tanto se esfuerza en mantener? La pureza del estilo y la escritura despojada encuentran en estas situaciones y personajes terreno fértil para desplegar una historia próxima, de sencillo realismo y agudo detalle suburbano. La limpieza -primera novela de Martín Hain- recibió el Primer Premio del Fondo Nacional de las Artes de parte de un jurado formado por Claudia Piñeiro, Luis Guzmán y Anibal Jarkowski.  aNovela